[Event "GER-chT U20"]
[Site "Naumburg Saale"]
[Date "2014.12.29"]
[Round "5.6"]
[White "Jurga, Jonas Vincent"]
[Black "Wegmann, Simon"]
[Result "1-0"]
[WhiteElo "1693"]
[BlackElo "1672"]
[PlyCount "43"]
[EventDate "2014.12.27"]
[EventType "team-swiss"]
[EventRounds "7"]
[EventCountry "GER"]
[SourceTitle "EXT 2016"]
[Source "ChessBase"]
[SourceDate "2015.10.08"]
[SourceVersion "1"]
[SourceVersionDate "2015.10.08"]
[SourceQuality "1"]
[WhiteTeam "Baden-Baden"]
[BlackTeam "Erlangen"]
[WhiteTeamCountry "GER"]
[BlackTeamCountry "GER"]

1. e4 e5 2. Nf3 Nc6 3. Bb5 a6 4. Ba4 Nge7 5. c3 g6 6. d4 exd4 7. cxd4 d5 8. exd5 Nxd5 9. 0-0 b5 10. Bb3 Bg7 11. Re1+ Nce7 12. Bg5 f6 13. Bh4 Bb7 14. Nc3 Nxc3 15. bxc3 Bd5 16. Qe2 Bxb3 17. axb3 Kf7 18. Qe6+ Ke8 19. Bxf6 Bxf6 20. Qxf6 Rf8 21. Qc6+ Kf7 22. Ng5+ 1-0

[Event "GER-chT U20"]
[Site "Naumburg Saale"]
[Date "2014.12.27"]
[Round "2.6"]
[White "Eschholz, Dario"]
[Black "Wegmann, Simon"]
[Result "1-0"]
[WhiteElo "1667"]
[BlackElo "1672"]
[PlyCount "57"]
[EventDate "2014.12.27"]
[EventType "team-swiss"]
[EventRounds "7"]
[EventCountry "GER"]
[SourceTitle "EXT 2016"]
[Source "ChessBase"]
[SourceDate "2015.10.08"]
[SourceVersion "1"]
[SourceVersionDate "2015.10.08"]
[SourceQuality "1"]
[WhiteTeam "Wildeshausen"]
[BlackTeam "Erlangen"]
[WhiteTeamCountry "GER"]
[BlackTeamCountry "GER"]

1. e4 e5 2. Nf3 Nc6 3. Bc4 Be7 4. d4 d6 5. h3 exd4 6. Nxd4 Nxd4 7. Qxd4 Bf6 8. Qd3 Ne7 9. 0-0 Nc6 10. f4 Be6 11. Bxe6 fxe6 12. c3 Qe7 13. Be3 0-0-0 14. a4 g6 15. Na3 e5 16. f5 gxf5 17. Rxf5 d5 18. exd5 Rhg8 19. Qf1 Rxd5 20. Rxf6 Rd7 21. Kh1 e4 22. Qf2 Ne5 23. Bc5 Qg7 24. Rf8+ Rd8 25. Rxd8+ Rxd8 26. Qf5+ Kb8 27. Qxe4 Qg3 28. Nc4 Nd3 29. Qe3 1-0

[Event "GER-chT U20"]
[Site "Naumburg Saale"]
[Date "2014.12.27"]
[Round "1.6"]
[White "Wegmann, Simon"]
[Black "Le Hong, Quang Anh"]
[Result "1-0"]
[WhiteElo "1672"]
[BlackElo "1536"]
[PlyCount "47"]
[EventDate "2014.12.27"]
[EventType "team-swiss"]
[EventRounds "7"]
[EventCountry "GER"]
[SourceTitle "EXT 2016"]
[Source "ChessBase"]
[SourceDate "2015.10.08"]
[SourceVersion "1"]
[SourceVersionDate "2015.10.08"]
[SourceQuality "1"]
[WhiteTeam "Erlangen"]
[BlackTeam "Merseburg"]
[WhiteTeamCountry "GER"]
[BlackTeamCountry "GER"]

1. e4 c5 2. Nc3 Nc6 3. f4 g6 4. Nf3 Bg7 5. h3 d6 6. g4 e6 7. Bg2 Nge7 8. d3 Rb8 9. g5 h5 10. 0-0 0-0 11. Ne2 b5 12. Ng3 Nd4 13. Nh4 b4 14. c3 bxc3 15. bxc3 Ndc6 16. Bd2 f5 17. exf5 exf5 18. Bxc6 Nxc6 19. Nxg6 Re8 20. Nxh5 Ba6 21. Qf3 Qc8 22. Rfe1 Kh7 23. Nh4 Rb2 24. Nf6+ 1-0

[Event "Mittelfranken-chTB2b 1415"]
[Site "Mittelfranken"]
[Date "2014.09.28"]
[Round "1.8"]
[White "Niebler, Andreas"]
[Black "Wegmann, Simon"]
[Result "1-0"]
[WhiteElo "1780"]
[BlackElo "1609"]
[PlyCount "119"]
[EventDate "2014.09.28"]
[EventType "team-tourn"]
[EventRounds "9"]
[EventCountry "GER"]
[SourceTitle "EXT 2020"]
[Source "ChessBase"]
[SourceDate "2019.10.17"]
[SourceVersion "1"]
[SourceVersionDate "2019.10.17"]
[SourceQuality "1"]
[WhiteTeam "Neumarkt"]
[BlackTeam "Erlangen SC III"]
[WhiteTeamCountry "GER"]
[BlackTeamCountry "GER"]

1. d4 d5 2. c4 e6 3. Nf3 Nf6 4. e3 Be7 5. Nc3 0-0 6. Bd3 b6 7. 0-0 dxc4 8. Bxc4 Bb7 9. Qe2 c5 10. Rd1 cxd4 11. Nxd4 Qc8 12. Bd2 e5 13. Nf3 Nc6 14. Rac1 Rd8 15. a3 e4 16. Ng5 Ne5 17. Ncxe4 Nxc4 18. Rxc4 Qf5 19. Qf3 Qxf3 20. gxf3 Nxe4 21. Nxe4 f5 22. Rc7 Bxe4 23. fxe4 Bd6 24. Rc4 b5 25. Rd4 Be5 26. Rd5 Rxd5 27. exd5 Bxb2 28. Rb1 Bxa3 29. Rxb5 Kf8 30. Bc3 Rd8 31. Rb7 Be7 32. Rxa7 Rxd5 33. Bd4 Bc5 34. Ra5 Rxd4 35. exd4 Bxd4 36. Rxf5+ Ke7 37. Rb5 Kf6 38. Kg2 g5 39. f3 Be3 40. h3 Kg6 41. Kg3 Bf4+ 42. Kf2 Kh5 43. Rb7 h6 44. Rb6 Bd2 45. Kg2 Bf4 46. Rb5 Be3 47. Rb1 Bd2 48. h4 g4 49. Kg3 gxf3 50. Rb5+ Kg6 51. Kxf3 Bc1 52. Kg4 Bd2 53. Rb6+ Kg7 54. Kf5 Bc3 55. Rb7+ Kf8 56. Kg6 Bd2 57. Rd7 Bc1 58. Rd1 Be3 59. Rf1+ Kg8 60. Re1 1-0

[Event "GER-chT U20"]
[Site "Osnabrueck"]
[Date "2013.12.30"]
[Round "7.6"]
[White "Thren, Christian"]
[Black "Wegmann, Simon"]
[Result "0-1"]
[WhiteElo "1543"]
[BlackElo "1607"]
[PlyCount "98"]
[EventDate "2013.12.27"]
[EventType "team-swiss"]
[EventRounds "7"]
[EventCountry "GER"]
[SourceTitle "EXT 2015"]
[Source "ChessBase"]
[SourceDate "2014.11.20"]
[SourceVersion "1"]
[SourceVersionDate "2014.11.20"]
[SourceQuality "1"]
[WhiteTeam "Heilbronn"]
[BlackTeam "Erlangen"]
[WhiteTeamCountry "GER"]
[BlackTeamCountry "GER"]

1. d4 d5 2. c4 e6 3. Nc3 Nf6 4. Nf3 c5 5. cxd5 Nxd5 6. e4 Nxc3 7. bxc3 Be7 8. Ba3 cxd4 9. Bxe7 Qxe7 10. Nxd4 0-0 11. Be2 Rd8 12. Qc2 Bd7 13. 0-0 Nc6 14. Rfd1 Rac8 15. Qb3 Nxd4 16. Rxd4 Bc6 17. Bf3 h6 18. Rad1 b6 19. Rxd8+ Rxd8 20. Rxd8+ Qxd8 21. Qd1 Qxd1+ 22. Bxd1 Bxe4 23. f3 Bd5 24. a3 Kf8 25. Kf2 Ke7 26. Ke3 Kd6 27. g3 Kc5 28. Be2 Bc4 29. Bd1 a5 30. h4 b5 31. f4 a4 32. Bh5 g6 33. Bd1 Bf1 34. Kd2 Kc4 35. Bc2 Bh3 36. Bd1 f6 37. Bc2 Bf5 38. Bd1 e5 39. fxe5 fxe5 40. g4 Bd3 41. g5 h5 42. Bf3 e4 43. Bd1 Kd5 44. Ke3 Kc5 45. Bxh5 gxh5 46. g6 Kd6 47. g7 Bc4 48. Kxe4 Ke7 49. g8N+ Bxg8 0-1

[Event "GER-chT U20"]
[Site "Osnabrueck"]
[Date "2013.12.28"]
[Round "4.6"]
[White "Wegmann, Simon"]
[Black "Schilz, Daniel"]
[Result "1-0"]
[WhiteElo "1607"]
[BlackElo "1481"]
[PlyCount "57"]
[EventDate "2013.12.27"]
[EventType "team-swiss"]
[EventRounds "7"]
[EventCountry "GER"]
[SourceTitle "EXT 2015"]
[Source "ChessBase"]
[SourceDate "2014.11.20"]
[SourceVersion "1"]
[SourceVersionDate "2014.11.20"]
[SourceQuality "1"]
[WhiteTeam "Erlangen"]
[BlackTeam "Gernsheim"]
[WhiteTeamCountry "GER"]
[BlackTeamCountry "GER"]

1. e4 g6 2. Nc3 d6 3. d4 Bg7 4. Be3 Nf6 5. Nf3 Nbd7 6. h3 Nb6 7. Be2 0-0 8. Qd2 c6 9. Bh6 Be6 10. Bxg7 Kxg7 11. g4 Bc4 12. 0-0-0 Bxe2 13. Qxe2 Qc7 14. Rdg1 Nbd7 15. h4 b5 16. h5 b4 17. Nb1 Qa5 18. hxg6 fxg6 19. Qe3 Rh8 20. Qh6+ Kf7 21. Ng5+ Ke8 22. Nxh7 Rxh7 23. Qxg6+ Rf7 24. Rh8+ Nf8 25. Rgh1 Nxe4 26. Rxf8+ Kd7 27. Rxf7 Qd5 28. Qf5+ Qxf5 29. Rxf5 1-0

[Event "GER-chT U20"]
[Site "Osnabrueck"]
[Date "2013.12.27"]
[Round "1.6"]
[White "Ospina Ocampo, Antonio"]
[Black "Wegmann, Simon"]
[Result "0-1"]
[WhiteElo "1320"]
[BlackElo "1607"]
[PlyCount "110"]
[EventDate "2013.12.27"]
[EventType "team-swiss"]
[EventRounds "7"]
[EventCountry "GER"]
[SourceTitle "EXT 2015"]
[Source "ChessBase"]
[SourceDate "2014.11.20"]
[SourceVersion "1"]
[SourceVersionDate "2014.11.20"]
[SourceQuality "1"]
[WhiteTeam "Karlsruhe"]
[BlackTeam "Erlangen"]
[WhiteTeamCountry "GER"]
[BlackTeamCountry "GER"]

1. e4 e5 2. Nf3 Nc6 3. Nc3 Nf6 4. Bb5 Nd4 5. Bc4 d6 6. h3 Be6 7. Bb3 Be7 8. d3 h6 9. Be3 Nxb3 10. axb3 a6 11. d4 exd4 12. Bxd4 0-0 13. 0-0 Re8 14. e5 dxe5 15. Bxe5 Qc8 16. Qe2 Bd6 17. Rfe1 Bxe5 18. Nxe5 Bd5 19. Nxd5 Nxd5 20. Qc4 c6 21. Nf3 Qf5 22. Kf1 Qf6 23. c3 Nf4 24. Qd4 Qxd4 25. Nxd4 Kf8 26. Ne2 Nd3 27. Red1 Rad8 28. Rd2 Ne5 29. Rxd8 Rxd8 30. Nd4 Re8 31. Rd1 Rd8 32. Ke2 g6 33. f3 Ke7 34. Re1 Kf6 35. Kf2 Nd3+ 36. Kf1 Nxe1 37. Kxe1 c5 38. Ne2 g5 39. Ng3 Kg6 40. Ne4 b6 41. Ke2 f5 42. Nd2 Kh5 43. Nc4 b5 44. Ne3 f4 45. Nf1 Kg6 46. Nd2 Kf5 47. Ne4 c4 48. b4 h5 49. Nf2 Rg8 50. Kf1 Re8 51. Ne4 Rxe4 52. fxe4+ Kxe4 53. Ke2 g4 54. hxg4 hxg4 55. Ke1 Ke3 0-1

[Event "GER-chT U12"]
[Site "Verden"]
[Date "2012.12.29"]
[Round "6.2"]
[White "Hoppe, Andreas"]
[Black "Wegmann, Simon"]
[Result "1-0"]
[WhiteElo "1615"]
[BlackElo "1539"]
[PlyCount "59"]
[EventDate "2012.12.27"]
[EventType "team-swiss"]
[EventRounds "7"]
[EventCountry "GER"]
[SourceTitle "EXT 2014"]
[Source "ChessBase"]
[SourceDate "2013.11.20"]
[SourceVersion "1"]
[SourceVersionDate "2013.11.20"]
[SourceQuality "1"]
[WhiteTeam "Hagen"]
[BlackTeam "Erlangen 48/88"]
[WhiteTeamCountry "GER"]
[BlackTeamCountry "GER"]

1. e4 e5 2. Bc4 Nf6 3. d3 c6 4. Nc3 d5 5. Bb3 dxe4 6. Nxe4 Nxe4 7. dxe4 Qxd1+ 8. Kxd1 Bc5 9. Ke2 0-0 10. Nf3 Bg4 11. Be3 Bb6 12. Rad1 Bxe3 13. Kxe3 Nd7 14. Rd2 h6 15. Rhd1 Nf6 16. Rd6 Rfe8 17. R1d2 Rac8 18. Nh4 Rc7 19. f3 Bc8 20. Rd8 Bd7 21. Rxe8+ Bxe8 22. Nf5 Nd7 23. Nd6 Kf8 24. a3 Nb6 25. g3 f6 26. Nxe8 Kxe8 27. f4 Re7 28. Rd6 Rd7 29. Re6+ Re7 30. Kf3 1-0

[Event "GER-chT U12"]
[Site "Verden"]
[Date "2012.12.29"]
[Round "5.3"]
[White "Riess, Alexander"]
[Black "Wegmann, Simon"]
[Result "1/2-1/2"]
[WhiteElo "1510"]
[BlackElo "1539"]
[PlyCount "73"]
[EventDate "2012.12.27"]
[EventType "team-swiss"]
[EventRounds "7"]
[EventCountry "GER"]
[SourceTitle "EXT 2014"]
[Source "ChessBase"]
[SourceDate "2013.11.20"]
[SourceVersion "1"]
[SourceVersionDate "2013.11.20"]
[SourceQuality "1"]
[WhiteTeam "Luebeck"]
[BlackTeam "Erlangen 48/88"]
[WhiteTeamCountry "GER"]
[BlackTeamCountry "GER"]

1. e4 e5 2. Nf3 Nc6 3. Bb5 d6 4. d4 exd4 5. Nxd4 Bd7 6. Nc3 g6 7. 0-0 Bg7 8. Be3 Nge7 9. Re1 0-0 10. f3 a6 11. Bf1 Re8 12. Nb3 b5 13. Rb1 f5 14. Bf2 f4 15. Qd2 g5 16. Nd5 Ne5 17. Be2 N7c6 18. Nd4 Be6 19. Nxc6 Nxc6 20. c3 Ne5 21. Bd4 Qd7 22. Rbd1 Qf7 23. Bxe5 Bxe5 24. Kh1 Qd7 25. Kg1 Reb8 26. Kf2 a5 27. g3 c6 28. gxf4 Qa7+ 29. Kg2 gxf4 30. Nxf4 Bxf4 31. Qxf4 Rf8 32. Qxd6 Kf7 33. Qd4 Rg8+ 34. Kf2 Qc7 35. Qd6 Qb6+ 36. Qd4 Qc7 37. Qd6 1/2-1/2

[Event "Seebach op 23rd"]
[Site "Grossenseebach"]
[Date "2012.06.09"]
[Round "6"]
[White "Walter, Manfred"]
[Black "Wegmann, Simon"]
[Result "0-1"]
[WhiteElo "1647"]
[BlackElo "1490"]
[PlyCount "78"]
[EventDate "2012.06.07"]
[EventType "swiss"]
[EventRounds "7"]
[EventCountry "GER"]
[SourceTitle "EXT 2013"]
[Source "ChessBase"]
[SourceDate "2012.11.22"]
[SourceVersion "1"]
[SourceVersionDate "2012.11.22"]
[SourceQuality "1"]

1. c4 g6 2. g3 Bg7 3. Bg2 d6 4. Nc3 Nc6 5. Rb1 e6 6. b4 Rb8 7. e3 Bd7 8. Nge2 a6 9. a4 Nf6 10. b5 axb5 11. axb5 Na5 12. Qa4 b6 13. Bb2 Bc8 14. Nd4 Bb7 15. Nc6 Bxc6 16. bxc6 0-0 17. Nb5 Ra8 18. Ra1 Ng4 19. Bxg7 Kxg7 20. c5 Qf6 21. 0-0 Nc4 22. Qxc4 Rxa1 23. Qxg4 Rxf1+ 24. Bxf1 bxc5 25. Nxc7 Rc8 26. Nd5 Qe5 27. Nc3 Rxc6 28. Qe4 Qxe4 29. Nxe4 d5 30. Ng5 Rb6 31. d3 d4 32. Ne4 Rc6 33. Nd2 f6 34. Nb3 e5 35. Bg2 Rc7 36. f4 dxe3 37. fxe5 fxe5 38. Be4 Rf7 39. Nxc5 e2 0-1

[Event "Seebach op 23rd"]
[Site "Grossenseebach"]
[Date "2012.06.09"]
[Round "5"]
[White "Wegmann, Simon"]
[Black "Walter, Gabriele"]
[Result "1-0"]
[WhiteElo "1490"]
[BlackElo "1015"]
[PlyCount "47"]
[EventDate "2012.06.07"]
[EventType "swiss"]
[EventRounds "7"]
[EventCountry "GER"]
[SourceTitle "EXT 2013"]
[Source "ChessBase"]
[SourceDate "2012.11.22"]
[SourceVersion "1"]
[SourceVersionDate "2012.11.22"]
[SourceQuality "1"]

1. e4 c5 2. Nc3 Nc6 3. f4 g6 4. Nf3 Bg7 5. d3 d6 6. h3 Nf6 7. g3 0-0 8. Bg2 a6 9. Rb1 b5 10. Be3 Rb8 11. Qd2 Bd7 12. g4 Qc7 13. f5 gxf5 14. gxf5 Nh5 15. Bh6 e6 16. Qg5 f6 17. Qxh5 Be8 18. Qh4 exf5 19. Nd5 Qd7 20. Bxg7 Qxg7 21. exf5 Qxg2 22. Rg1 Qxg1+ 23. Nxg1 Rf7 24. Nxf6+ 1-0

[Event "Seebach op 23rd"]
[Site "Grossenseebach"]
[Date "2012.06.08"]
[Round "4"]
[White "Baier, Felix"]
[Black "Wegmann, Simon"]
[Result "1-0"]
[WhiteElo "1798"]
[BlackElo "1490"]
[PlyCount "56"]
[EventDate "2012.06.07"]
[EventType "swiss"]
[EventRounds "7"]
[EventCountry "GER"]
[SourceTitle "EXT 2013"]
[Source "ChessBase"]
[SourceDate "2012.11.22"]
[SourceVersion "1"]
[SourceVersionDate "2012.11.22"]
[SourceQuality "1"]

1. e4 e5 2. Bc4 Nf6 3. d3 Be7 4. Nf3 d6 5. 0-0 Bg4 6. h3 Be6 7. Nbd2 Qd7 8. c3 h6 9. Qb3 Qc8 10. Re1 0-0 11. d4 Bxc4 12. Nxc4 exd4 13. Nxd4 Nbd7 14. Nf5 Re8 15. Na5 Nc5 16. Qc2 Nfxe4 17. Nxe7+ Rxe7 18. f3 b6 19. Nb3 Nxb3 20. axb3 Qb7 21. Rxe4 Rae8 22. Rxe7 Rxe7 23. Bf4 Re6 24. Qd3 Rf6 25. Re1 Qc8 26. Bg3 Rg6 27. Kh2 Qd7 28. Qe4 Kf8 1-0

[Event "GER-chT U12"]
[Site "Arendsee"]
[Date "2011.12.30"]
[Round "7.3"]
[White "Kololli, Martin"]
[Black "Wegmann, Simon"]
[Result "1/2-1/2"]
[WhiteElo "1690"]
[BlackElo "1408"]
[PlyCount "48"]
[EventDate "2011.12.27"]
[EventType "team-swiss"]
[EventRounds "7"]
[EventCountry "GER"]
[SourceTitle "EXT 2022"]
[Source "ChessBase"]
[SourceDate "2021.10.06"]
[SourceVersion "1"]
[SourceVersionDate "2021.10.06"]
[SourceQuality "1"]
[WhiteTeam "Luebeck SV U12"]
[BlackTeam "Erlangen SC U12"]
[WhiteTeamCountry "GER"]
[BlackTeamCountry "GER"]

1. e4 c6 2. d4 d5 3. exd5 cxd5 4. Bd3 Nc6 5. c3 Qc7 6. Ne2 Bg4 7. Bf4 e5 8. dxe5 Nxe5 9. Bb5+ Ke7 10. Qd4 f6 11. Bxe5 fxe5 12. Qxg4 Nf6 13. Qg3 Kf7 14. Bd3 Bd6 15. Qe3 Rhe8 16. Na3 a6 17. Qd2 Rad8 18. Bf5 Qb6 19. 0-0 h5 20. Rab1 h4 21. Qg5 Rh8 22. h3 Rdg8 23. Bg6+ Ke7 24. Rfe1 Bc7 1/2-1/2

[Event "Forchheim op 10th"]
[Site "Forchheim"]
[Date "2011.10.08"]
[Round "3"]
[White "Duerr, Florian"]
[Black "Wegmann, Simon"]
[Result "1-0"]
[WhiteElo "1845"]
[BlackElo "1397"]
[PlyCount "43"]
[EventDate "2011.10.07"]
[EventType "swiss"]
[EventRounds "5"]
[EventCountry "GER"]
[SourceTitle "CBM 144 Extra"]
[Source "ChessBase"]
[SourceDate "2011.10.28"]
[SourceVersion "1"]
[SourceVersionDate "2011.10.28"]
[SourceQuality "1"]

1. e4 e5 2. Nf3 Nc6 3. Bb5 d6 4. d4 Bd7 5. 0-0 h6 6. Nc3 Nge7 7. Be3 g6 8. dxe5 Nxe5 9. Nxe5 dxe5 10. Qe2 c6 11. Bc4 Bg7 12. Rad1 b6 13. Rd2 Qc7 14. f4 f5 15. exf5 Bxf5 16. g4 Bd7 17. fxe5 Bxe5 18. Bf7+ Kd8 19. Be6 Bd6 20. Bxd7 Kxd7 21. Bf4 Nc8 22. Bxd6 1-0

[Event "Nuremberg Zabo op 13th"]
[Site "Nuremberg"]
[Date "2011.09.18"]
[Round "5"]
[White "Wegmann, Simon"]
[Black "Johansson, Anders"]
[Result "1/2-1/2"]
[WhiteElo "1397"]
[BlackElo "1415"]
[PlyCount "66"]
[EventDate "2011.09.16"]
[EventType "swiss"]
[EventRounds "5"]
[EventCountry "GER"]
[SourceTitle "EXT 2013"]
[Source "ChessBase"]
[SourceDate "2012.11.22"]
[SourceVersion "1"]
[SourceVersionDate "2012.11.22"]
[SourceQuality "1"]

1. e4 c5 2. f4 d5 3. e5 Bf5 4. d3 e6 5. h4 Be7 6. g3 Nc6 7. Nf3 Bg4 8. c3 Nh6 9. Nbd2 Nf5 10. Kf2 Qb6 11. Bh3 Bxh3 12. Rxh3 d4 13. c4 Ne3 14. Qg1 Ng4+ 15. Ke2 h6 16. Ne4 0-0-0 17. a3 Qb3 18. Rh1 Ne3 19. Bxe3 dxe3 20. Qxe3 Nd4+ 21. Nxd4 Qxb2+ 22. Nd2 Qxd4 23. Qf3 Rd7 24. Rab1 Rhd8 25. Rb3 Rc7 26. Nb1 Qd7 27. Nc3 a6 28. Rb6 Rc6 29. Na4 Qc7 30. Rhb1 Rxb6 31. Nxb6+ Kb8 32. Na4 Ka7 33. Qh5 Qc6 1/2-1/2

[Event "Nuremberg Zabo op 13th"]
[Site "Nuremberg"]
[Date "2011.09.17"]
[Round "3"]
[White "Wegmann, Simon"]
[Black "Tschammer, Kai"]
[Result "1-0"]
[WhiteElo "1397"]
[BlackElo "759"]
[PlyCount "61"]
[EventDate "2011.09.16"]
[EventType "swiss"]
[EventRounds "5"]
[EventCountry "GER"]
[SourceTitle "EXT 2013"]
[Source "ChessBase"]
[SourceDate "2012.11.22"]
[SourceVersion "1"]
[SourceVersionDate "2012.11.22"]
[SourceQuality "1"]

1. e4 e5 2. d4 exd4 3. Nf3 Nc6 4. Nxd4 Nf6 5. Nxc6 bxc6 6. e5 Ne4 7. Qf3 d5 8. exd6 Nxd6 9. g3 Bb7 10. Qe3+ Be7 11. Bg2 0-0 12. 0-0 Bg5 13. Qxg5 Qxg5 14. Bxg5 f6 15. Be3 Ba6 16. Bxc6 Bxf1 17. Bxa8 Rxa8 18. Kxf1 Nc4 19. Bd4 Rd8 20. Bc3 Rd1+ 21. Ke2 Rh1 22. h4 Kf7 23. b3 Nd6 24. Nd2 Rh2 25. Nf3 Rg2 26. Kf1 Ne4 27. Bd4 Nd2+ 28. Nxd2 Rh2 29. Kg1 Rh3 30. Kg2 Rxh4 31. gxh4 1-0

[Event "GER-ch U14 DEM op"]
[Site "Oberhof"]
[Date "2010.05.23"]
[Round "1"]
[White "Wegmann, Simon"]
[Black "Tran, Khoa Anh Le"]
[Result "0-1"]
[WhiteElo "1134"]
[BlackElo "1588"]
[PlyCount "42"]
[EventDate "2010.05.23"]
[EventType "swiss"]
[EventRounds "7"]
[EventCountry "GER"]
[SourceTitle "CBM 136 Extra"]
[Source "ChessBase"]
[SourceDate "2010.07.02"]
[SourceVersion "2"]
[SourceVersionDate "2010.07.15"]
[SourceQuality "1"]

1. e4 e6 2. Nc3 c5 3. Bc4 Nc6 4. Nf3 a6 5. a4 Qc7 6. b3 Nf6 7. Bb2 Bd6 8. 0-0 0-0 9. d3 Ne5 10. Nd2 Nxc4 11. Nxc4 Bxh2+ 12. Kh1 d5 13. Ne3 d4 14. g3 Bxg3 15. fxg3 Qxg3 16. Rf3 Qh4+ 17. Kg2 dxe3 18. Rxe3 Ng4 19. Rf3 Qh2+ 20. Kf1 Qh1+ 21. Ke2 Qg2+ 0-1

[Event "Mittelfranken-ch QT 59th"]
[Site "Forchheim"]
[Date "2010.04.03"]
[Round "7"]
[White "Tong, Kevin"]
[Black "Wegmann, Simon"]
[Result "1-0"]
[WhiteElo "1235"]
[BlackElo "1148"]
[PlyCount "103"]
[EventDate "2010.03.31"]
[EventType "swiss"]
[EventRounds "7"]
[EventCountry "GER"]
[SourceTitle "EXT 2011"]
[Source "ChessBase"]
[SourceDate "2010.11.26"]
[SourceVersion "1"]
[SourceVersionDate "2010.11.26"]
[SourceQuality "1"]

1. e4 e5 2. Nf3 Nc6 3. Bc4 d6 4. c3 Bg4 5. d4 Be7 6. h3 Bh5 7. Be3 h6 8. Nbd2 Nf6 9. 0-0 0-0 10. Re1 Bg6 11. dxe5 dxe5 12. Nh4 Bxe4 13. Nxe4 Qxd1 14. Raxd1 Nxe4 15. Ng6 Rfe8 16. Nxe7+ Rxe7 17. Bb3 Kh8 18. Bc2 Nf6 19. Rd2 Rae8 20. Red1 a6 21. Bc5 Re6 22. Bf5 Rb8 23. Bxe6 Ne4 24. Re2 Nxc5 25. Bxf7 g5 26. b3 a5 27. Rd5 b6 28. a3 Nxb3 29. Rd7 Nc5 30. Rxc7 Nd8 31. Rxe5 Na6 32. Re8+ Kg7 33. Rd7 Nxf7 34. Rxb8 Nxb8 35. Rb7 Nc6 36. Rxb6 Nfe5 37. h4 g4 38. Kh2 h5 39. Kg3 Ne7 40. Re6 N5c6 41. f3 Kf7 42. Re4 gxf3 43. Kxf3 Ng6 44. g3 Nge5+ 45. Kf4 Nd3+ 46. Kg5 Nf2 47. Rf4+ Kg7 48. Rxf2 a4 49. Kxh5 Ne5 50. Rf4 Kh7 51. Rxa4 Kg7 52. c4 1-0

[Event "Mittelfranken-ch QT 59th"]
[Site "Forchheim"]
[Date "2010.03.31"]
[Round "2"]
[White "Stahl, Peter1"]
[Black "Wegmann, Simon"]
[Result "1-0"]
[WhiteElo "1470"]
[BlackElo "1148"]
[PlyCount "71"]
[EventDate "2010.03.31"]
[EventType "swiss"]
[EventRounds "7"]
[EventCountry "GER"]
[SourceTitle "EXT 2011"]
[Source "ChessBase"]
[SourceDate "2010.11.26"]
[SourceVersion "1"]
[SourceVersionDate "2010.11.26"]
[SourceQuality "1"]

1. b4 d5 2. Bb2 b6 3. e3 Nf6 4. c4 Bb7 5. Nf3 e6 6. b5 Bc5 7. cxd5 exd5 8. d4 Bd6 9. Nc3 0-0 10. Bd3 Re8 11. 0-0 c6 12. bxc6 Nxc6 13. a3 Qc7 14. Nb5 Qd7 15. Nxd6 Qxd6 16. Bb5 a6 17. Bxc6 Qxc6 18. Rc1 Qd7 19. Ne5 Qd6 20. Qe2 a5 21. Qf3 Re7 22. Rc2 h6 23. Rfc1 a4 24. Ra1 Kf8 25. Bc3 Qc7 26. Rac1 Qd8 27. Bb4 Kg8 28. Bxe7 Qxe7 29. Ra1 Qd6 30. h3 Re8 31. Raa2 Qe6 32. Rc7 Ba6 33. Rc6 Qe7 34. Rxb6 Bc4 35. Ra1 Qc7 36. Rab1 1-0

[Event "Mittelfranken-ch QT 59th"]
[Site "Forchheim"]
[Date "2010.03.31"]
[Round "1"]
[White "Wegmann, Simon"]
[Black "Muenzenberg, Dietrich"]
[Result "0-1"]
[WhiteElo "1148"]
[BlackElo "1596"]
[PlyCount "100"]
[EventDate "2010.03.31"]
[EventType "swiss"]
[EventRounds "7"]
[EventCountry "GER"]
[SourceTitle "EXT 2011"]
[Source "ChessBase"]
[SourceDate "2010.11.26"]
[SourceVersion "1"]
[SourceVersionDate "2010.11.26"]
[SourceQuality "1"]

1. e4 c6 2. Nf3 d5 3. d3 Bg4 4. Be2 Nd7 5. Bf4 Qb6 6. b3 Bxf3 7. Bxf3 e5 8. Bg3 d4 9. 0-0 Bd6 10. Nd2 Bc7 11. Nc4 Qc5 12. Bg4 Ngf6 13. Bf5 b5 14. Nd2 Ba5 15. Nf3 g6 16. Bh3 Bc7 17. Qd2 0-0 18. Rab1 b4 19. Rb2 Kg7 20. Ra1 a5 21. a4 Rfe8 22. Qg5 h6 23. Qd2 Rab8 24. Rab1 Nf8 25. Kh1 Nh5 26. Qe2 Ne6 27. Bxe6 Rxe6 28. h3 Rf8 29. Bh2 f5 30. Nd2 f4 31. f3 Qe7 32. Kg1 Kh7 33. Rf1 g5 34. Qf2 Rg6 35. Rd1 Nf6 36. Qe2 h5 37. Nc4 Rfg8 38. Rd2 g4 39. hxg4 hxg4 40. Qe1 g3 41. Kh1 Rh6 42. Kg1 gxh2+ 43. Kh1 Nh5 44. Kxh2 Ng3+ 45. Kg1 Rh1+ 46. Kf2 Qh4 47. Qxh1 Qxh1 48. Rb1 Qxb1 49. Rd1 Qxd1 50. Nd2 Nh1# 0-1

[Event "Nuremberg Zabo op 10th"]
[Site "Nuremberg"]
[Date "2008.09.20"]
[Round "3"]
[White "Grasser, Stefan"]
[Black "Wegmann, Simon"]
[Result "1-0"]
[WhiteElo "1776"]
[BlackElo "700"]
[PlyCount "68"]
[EventDate "2008.09.19"]
[EventType "swiss"]
[EventRounds "5"]
[EventCountry "GER"]
[SourceTitle "EXT 2012"]
[Source "ChessBase"]
[SourceDate "2011.11.24"]
[SourceVersion "1"]
[SourceVersionDate "2011.11.24"]
[SourceQuality "1"]

1. c4 Nf6 2. Nc3 Nc6 3. e4 e5 4. Nge2 Nd4 5. d3 d6 6. Nxd4 exd4 7. Ne2 Bg4 8. f3 Be6 9. Nxd4 Bd7 10. Bf4 c5 11. Nc2 Nh5 12. Qd2 Qb6 13. b3 Nxf4 14. Qxf4 Qa5+ 15. Qd2 Qc7 16. Be2 Be7 17. f4 Bf6 18. Rb1 Qc6 19. Bf3 Qa6 20. a4 Bd8 21. 0-0 Ba5 22. Qe2 0-0 23. f5 Bd8 24. Ne3 h6 25. Bh5 Be8 26. Rf3 Qa5 27. Nd5 Rc8 28. Rg3 Bh4 29. Rg4 Bg5 30. h4 Bd8 31. Qe3 b6 32. Qxh6 g6 33. f6 Qe1+ 34. Rxe1 Bxf6 1-0

[Event "Nuremberg Zabo op 10th"]
[Site "Nuremberg"]
[Date "2008.09.19"]
[Round "1"]
[White "Wegmann, Simon"]
[Black "Seifert, Armin"]
[Result "0-1"]
[WhiteElo "700"]
[BlackElo "1832"]
[PlyCount "42"]
[EventDate "2008.09.19"]
[EventType "swiss"]
[EventRounds "5"]
[EventCountry "GER"]
[SourceTitle "EXT 2012"]
[Source "ChessBase"]
[SourceDate "2011.11.24"]
[SourceVersion "1"]
[SourceVersionDate "2011.11.24"]
[SourceQuality "1"]

1. e3 e5 2. d4 exd4 3. exd4 d5 4. Nf3 Nf6 5. Nc3 c6 6. Bg5 Be7 7. Bd3 Bg4 8. Be2 0-0 9. Ne5 Bxe2 10. Nxe2 Re8 11. 0-0 Nfd7 12. Bxe7 Rxe7 13. Ng4 Qb6 14. b3 Na6 15. Re1 Rae8 16. f4 Nc7 17. Kh1 Nb5 18. Rb1 Nxd4 19. Rb2 Rxe2 20. c3 Rxe1+ 21. Qxe1 Rxe1# 0-1